000 00840nam a22000977a 4500
008 170102b xxu||||| |||| 00| 0 eng d
100 _aAmerican Air Mail Society
245 _aAmerican air mail catalogue 7th ed vol 2
_ba priced catalogue and reference listing of polar flight
260 _aMineola, NY
_bAmerican Air Mail Society
_c2016
650 _aAir Mail -- History | Air Mail -- Flights | Air Mail -- First Flights | Covers | Cachets | Postal History | Postal Markings | Postal Routes | Catalogs and Price Lists | Prices and Values | Air Express Mail | Express Mail | Airport Dedication Covers | Souvenir Covers | Crash Covers | Damaged or Delayed Mail | Catalogs | United States | Airlines | Aviation -- History | Transoceanic Mail | Glider Mail | Mexico | Latin America | North America | Canal Zone | Alaska | International Mail | Polar Mail
999 _c2179
_d2179